000 00569nam a2200205 a 4500
001 16884
003 CO-ViMGA
008 141112s2004 ck r 000 u spa d
020 _a9682464455
040 _aCO-ViMGA
_bspa
_cCO-ViMGA
082 0 4 _a796.42 C177t
100 1 _aCastro Marcelo, Rolando
_923881
245 1 0 _aTecnicas y metodologías en la enseñanza del Atletismo
260 _aMexico,
_cTrillas,
_c2002
300 _a128.p.
590 _aForma de adquisición : Premio - Mincultura
650 1 4 _aATLETISMO
650 1 4 _aDEPORTES
_948158
942 _2ddc
_cBK
999 _c26518
_d26518